Искусство схемотехники: В 2-х т.; пер. с англ.

Opis bibliograficzny
1. autor: Хоровиц П. Пауль
Kolejni autorzy: Хилл У. Уинфилд (редактор), Гальперин М. В.
Język:rosyjski
Wydane: Москва, Мир, 1983-
Format: Książka
KOHA link:https://koha.lib.tpu.ru/cgi-bin/koha/opac-detail.pl?biblionumber=38089

MARC

LEADER 00000nam0a2200000 4500
001 38089
005 20231031005010.0
035 |a (RuTPU)RU\TPU\book\38709 
090 |a 38089 
100 |a 20020219g1983 m y0rusy50 ca 
101 1 |a rus  |c eng 
102 |a RU 
105 |a y z 000zy 
200 1 |a Искусство схемотехники  |e В 2-х т.  |e пер. с англ.  |f П. Хоровиц, У. Хилл  |g Под ред. М. В. Гальперина 
210 |a Москва  |c Мир  |d 1983- 
675 |a 621.38.061  |v 3 
700 1 |a Хоровиц  |b П.  |g Пауль 
701 1 |a Хилл  |b У.  |g Уинфилд 
702 1 |a Гальперин  |b М. В.  |4 340 
801 1 |a RU  |b 63413507  |c 20020219  |g PSBO 
801 2 |a RU  |b 63413507  |c 20051013  |g PSBO 
942 |c BK